Tom of Finland : his life and times /

Salvato in:
Dettagli Bibliografici
Autore principale: Hooven, F. Valentine (Autore)
Natura: Libro
Lingua:inglese
Pubblicazione: New York : St. Martin's Press, 1993
Tags: Aggiungi Tag
Nessun Tag, puoi essere il primo ad aggiungerne!!

MARC

LEADER 00000nam a22000007i 4500
001 IT\ICCU\UBO\2164993
003 ItRI
005 20260115231815.0
008 050119s1993 xxu|||||| ||||| |||||c
020 |a 031209325X 
040 |b ita  |c importazione bologna sebina 
041 7 |a eng  |2 ISO-639-2 
100 1 |a Hooven, F. Valentine  |0 IT\ICCU\UBOV\890282  |4 aut 
245 1 0 |a Tom of Finland :  |b his life and times /  |c F.Valentine Hooven III. 
260 |a New York :  |b St. Martin's Press,  |c 1993 
300 |a V, 198 p. :ill. ;  |c 24 cm. 
942 |2 ddc  |c BK  |n 0 
952 |0 0  |1 0  |4 0  |6 DOC_741_092000000000000_HOO  |7 0  |9 13099  |a BO  |b BO  |d 2026-01-15  |i 16012  |l 0  |o DOC 741.092 HOO  |p BO16012  |r 2026-01-15 23:18:15  |w 2026-01-15  |x [Sebina 5] [1 v.]  |y BK  |z 1 v. (2. copia) 
952 |0 0  |1 0  |4 0  |6 DOC_741_092000000000000_HOO  |7 0  |9 13100  |a BO  |b BO  |d 2026-01-15  |i 2958  |l 0  |o DOC 741.092 HOO  |p BO2958  |r 2026-01-15 23:18:15  |w 2026-01-15  |x [Sebina 5] [1 v.]  |y BK  |z 1 v. 
999 |c 11228  |d 11228